Szczegóły MARC21

Wielka literatura powszechna. T. 5, Antologja. Cz. 1, Literatury: chińska, japońska, indyjska, sumero-akkadzka, babilońska i asyryjska, egipska, starohebrajska, żydowska, arabska, perska, turecka, grecka, rzymska, łacińska wieków średnich, włoska, staro- i nowoprowancka, francuska /

003 -Nazwa inst., której nr kontr. jest w polu 001 [,]
    • @
    • Nazwa instytucji, której n kontrolny jest w polu 001
    • NUKAT
005 -DATA I CZAS OSTATNIEJ MODYFIKACJI [,]
    • @
    • pole kontrolne
    • 20241231113853.0
040 -Instytucja sporządzająca opis [ , ]
    • a
    • Instytucja, która sporządziła opis (NP)
    • TOR U/GS
    • b
    • Język katalogowania
    • pol
    • e
    • Zasady katalogowania
    • rda
    • c
    • Instytucja, która sporządziła rekord (NP)
    • TOR U/GS
    • d
    • Instytucja, która zmodyfikowała rekord (P)
    • TOR U/LF
    • d
    • Instytucja, która zmodyfikowała rekord (P)
    • GD U/ISSs
    • d
    • Instytucja, która zmodyfikowała rekord (P)
    • WR O/KS
    • d
    • Instytucja, która zmodyfikowała rekord (P)
    • OLSZT 008/bak
041 -Język dokumentu [1, ]
    • a
    • Język tekstu (P)
    • polski
    • h
    • Język tekstu oryginalnego i/lub pośredniego (P)
    • wielojęzyczny
942 -Rodzaj dokumentu [ , ]
    • c
    • Rodzaj dokumentu
    • Książka
245 -Strefa tytułu i oznaczenia odpowiedzialności [0,0]
    • a
    • Tytuł
    • Wielka literatura powszechna. Find
    • n
    • Oznaczenie części (P)
    • T. 5, Antologja.
    • n
    • Oznaczenie części (P)
    • Cz. 1,
    • p
    • Nazwa części (P)
    • Literatury: chińska, japońska, indyjska, sumero-akkadzka, babilońska i asyryjska, egipska, starohebrajska, żydowska, arabska, perska, turecka, grecka, rzymska, łacińska wieków średnich, włoska, staro- i nowoprowancka, francuska /
    • c
    • Pozostałe elementy strefy tytułu i oznaczenia odpowiedzialności (NP)
    • w opracowaniu J. Bromskiego [i 10 pozostałych] ; pod redakcją Stanisława Lama.
246 -Wariant tytułu [3,0]
    • a
    • Tytuł (NP)
    • Literatury: chińska, japońska, indyjska, sumero-akkadzka, babilońska i asyryjska, egipska, starohebrajska, żydowska, arabska, perska, turecka, grecka, rzymska, łacińska wieków średnich, włoska, staro- i nowoprowancka, francuska
260 -Strefa adresu wydawniczego [ , ]
    • a
    • Miejsce wydania (P)
    • Warszawa :
    • b
    • Nazwa wydawcy (P)
    • nakładem Księgarni Trzaski, Everta i Michalskiego,
    • c
    • Data wydania (P)
    • copyright 1932
    • e
    • Miejsce druku (NP)
    • (Kraków :
    • f
    • Nazwa drukarni (P)
    • druk w. L. Anczyca i Spółki).
300 -Strefa opisu fizycznego [ , ]
    • a
    • Określenie formy książki i/lub objętość (NP)
    • [6], 1044 stron ;
    • c
    • Format (NP)
    • 28 cm.
336 -Typ zawartości [ , ]
    • a
    • Termin opisujący typ zawartości
    • Tekst
    • b
    • Kod określający zawartość
    • txt
    • 2
    • Źródło (terminu i kodu)
    • rdacontent
337 -Typ mediów [ , ]
    • a
    • Tryb odtwarzania
    • Bez urządzenia pośredniczącego
    • b
    • Kod typu mediów
    • n
    • 2
    • Źródło (terminu i kodu)
    • rdamedia
338 -Typ/rodzaj nośnika [ , ]
    • a
    • Hasło opisujące typ nośnika
    • Wolumin
    • b
    • Kod typu nośnika
    • nc
    • 2
    • Źródło (terminu i kodu)
    • rdacarrier
500 -Uwaga ogólna [ , ]
    • a
    • Uwaga ogólna (NP)
    • Tekst częściowo tłumaczony z wielu języków.
655 -Hasło w funkcji tematu formalnego [ ,7]
    • a
    • Hasło
    • Antologie.
    • 2
    • Źródło terminu
    • kaba
    • 9
    • KHW
    • 101446
700 -Hasło dodatkowe - nazwa osobowa [1, ]
    • a
    • Nazwa osobowa (NP)
    • Bromski, Józef Find
    • d
    • Daty biograficzne (NP)
    • (1872-1937).
    • e
    • Określenie rodzaju współpracy
    • Opracowanie
    • 9
    • KHW
    • 83996
700 -Hasło dodatkowe - nazwa osobowa [1, ]
    • a
    • Nazwa osobowa (NP)
    • Lam, Stanisław Find
    • d
    • Daty biograficzne (NP)
    • (1891-1965).
    • e
    • Określenie rodzaju współpracy
    • Redakcja
    • 9
    • KHW
    • 41463
710 -Hasło dodatkowe - nazwa ciała zbiorowego [2, ]
    • a
    • Nazwa ciała zbiorowego lub nazwa geograficzna jako pierwszy element (NP)
    • Księgarnia Wydawnicza Trzaska, Evert i Michalski.
    • e
    • Rodzaj współpracy
    • Wydawca
    • 4
    • Kod relacji
    • pbl
    • 9
    • KHW
    • 56123
710 -Hasło dodatkowe - nazwa ciała zbiorowego [2, ]
    • a
    • Nazwa ciała zbiorowego lub nazwa geograficzna jako pierwszy element (NP)
    • W. L. Anczyc i Spółka.
    • e
    • Rodzaj współpracy
    • Druk
    • 4
    • Kod relacji
    • prt
    • 9
    • KHW
    • 77582
Data inwentaryzacji Lokalizacja Status udost. Numer inwentarzowy Sygnatura
 BG1Z.25343Z.24354
2002-12-11BG1JK.428 
 BG-6SN.326